| 000 | 01017nam a2200229Ia 4500 | ||
|---|---|---|---|
| 001 | 1703 | ||
| 003 | GE_BSU | ||
| 008 | 181216s||||||||xx |||||||||||||| ||und|| | ||
| 020 | _a5529011977 | ||
| 040 | _cGE_BSU | ||
| 080 | _a821.353.1–1+821.353.1-1 | ||
| 100 | _aწერეთელი, აკაკი | ||
| 245 | _aთხზულებათა სრული კრებული 18 ტომად ტ.1 ლექსები. 1856–1879. | ||
| 245 | _cსარედ.კოლ.სარგის ცაიშვილი. რედ. ზურაბ ჭუმბურიძე. ტომი გამოსაც. მოამზ.ეთერ შარაშენიძემ. მხატვ. ზ. ფორჩხიძე | ||
| 260 | _aთბოლისი | ||
| 260 | _bსაქართველო | ||
| 260 | _c1991 | ||
| 300 | _a382 გვ. 19 სმ. | ||
| 653 | _aთხზულებათა სრული კრებული | ||
| 653 | _aლექსები | ||
| 942 | _cBK | ||
| 999 |
_c35814 _d35814 |
||